Statistiques concernant Effectif détaillé du Stade de Reims saison 2023-2024

Cliquez ici pour prendre le quiz!

Statistiques générales

  • Ce quiz a été pris 15 fois
    (13 depuis la dernière actualisation)
  • Le résultat moyen est 26 sur 34

Statistiques - réponses

NationalitéAncien clubPosteNuméroRéponse% Correct
MarocLe Havre ACMilieu8Amir Richardson
100%
JaponKRC GenkAttaquant7Junya Ito
100%
FranceRed Star FCGardien16Ludovic Butelle
100%
ZimbabweOrlando PiratesMilieu15Marshall Munetsi
100%
MalteUnion Saint-GilloiseMilieu10Teddy Teuma
100%
BelgiqueKAA La GantoiseDéfenseur32Thomas Foket
100%
BelgiqueStade de Reims
(Adjoint)
CoachWilliam Still
100%
FranceES Troyes ACGardien94Yehvann Diouf
100%
MarocDijon FCODéfenseur5Yunis Abdelhamid
100%
FrancePau FCGardien96Alexandre Olliero
92%
KosovoSC HeerenveenMilieu10Arber Zeneli
92%
GuinéeFormé au
Stade de Reims
Défenseur41Ibrahim Diakité
92%
JaponLASK LinzAttaquant17Keito Nakamura
92%
DanemarkAjax AmsterdamAttaquant9Mohamed Daramy
92%
Côte d'IvoireRB SalzbourgMilieu22Oumar Diakité
92%
Pays-BasFC GroningueMilieu21Azor Matusiwa
83%
Côte d'IvoireKAS EupenDéfenseur24Emmanuel Agbadou
83%
KenyaKAA La GantoiseDéfenseur2Joseph Okumu
83%
AngleterreManchester City*Défenseur19Josh Wilson-Esbrand
83%
MaliFormé au
Stade de Reims
Milieu3Kamory Doumbia
83%
BelgiqueParme CalcioDéfenseur4Maxime Busi
83%
BelgiqueSaint-Trond VVDéfenseur25Thibault De Smet
83%
FranceAngers SCOAttaquant11Amine Salama
75%
KosovoLazio RomeMilieuValon Berisha
75%
AllemagneBrighton & Hove AlbionMilieu14Reda Khadra
67%
GambieSteve Biko FCAttaquant27Adama Bojang
58%
FranceFormé au
Stade de Reims
Attaquant67Mamadou Diakhon
58%
Pays-BasSC HeerenveenAttaquant19Mitchell Van Bergen
50%
FranceFormé au
Stade de Reims
Milieu48Samuel Koeberlé
50%
FranceFormé au
Stade de Reims
Défenseur45Thérence Koudou
50%
FranceFormé au
Stade de Reims
Défenseur43Cheick Keita
42%
SénégalGraficar BelgradeDéfenseur46Fallou Fall
33%
FranceFormé au
Stade de Reims
Milieu6Valentin Atangana Edoa
33%
Côte d'IvoireFormé au
Stade de Reims
AttaquantN'dri Philippe Koffi
17%

Distribution des résultats

Percentile par nombre de réponses

% des personnes avec chaque résultat

Votre développement - résultats

Vous n’avez pas pris ce quiz depuis la dernière actualisation